000
00245nmm a2200085Ia 4500
008
220120s9999||||xx |||||||||||||||||und||
100
_a
Digit
245
0
_a
Build apps for kitkat 4.4 and wp8 using, pdf archieves, 24 a
260
_a
Nine dot Nine
_c
2013
999
_c
139876
_d
139876